Fasciculi historici. (Record no. 1785)

MARC details
000 -LEADER
fixed length control field 02240cas a2200625 a 4500
001 - CONTROL NUMBER
control field data
005 - DATE AND TIME OF LATEST TRANSACTION
control field 20260322212118.0
008 - FIXED-LENGTH DATA ELEMENTS--GENERAL INFORMATION
fixed length control field data
010 ## - LIBRARY OF CONGRESS CONTROL NUMBER
LC control number sn 86009640
016 7# - NATIONAL BIBLIOGRAPHIC AGENCY CONTROL NUMBER
Record control number 000264515
Source IsJJNL
016 7# - NATIONAL BIBLIOGRAPHIC AGENCY CONTROL NUMBER
Record control number 008527254
Source Uk
019 ## -
-- 241308793
022 ## - INTERNATIONAL STANDARD SERIAL NUMBER
International Standard Serial Number 0071-4038
Source z
023 0# - CLUSTER ISSN
Cluster ISSN 0071-4038
Source z
029 1# - OTHER SYSTEM CONTROL NUMBER (OCLC)
OCLC library identifier AU@
System control number 000000945564
035 ## - SYSTEM CONTROL NUMBER
System control number (OCoLC)2261026
040 ## - CATALOGING SOURCE
Original cataloging agency PIT
Language of cataloging eng
Transcribing agency PIT
Modifying agency OCLCQ
-- MUL
-- IUL
-- AIP
-- ZCU
-- HLS
-- WAU
-- OCLCQ
-- DLC
-- OCLCQ
-- J9U
-- UKMGB
-- IUL
-- OCLCF
-- OCL
-- OCLCQ
-- OCLCL
-- OCLCQ
041 0# - LANGUAGE CODE
Language code of text/sound track or separate title rus
-- fre
-- ger
-- rus
042 ## - AUTHENTICATION CODE
Authentication code pcc
-- pcc
043 ## - GEOGRAPHIC AREA CODE
Geographic area code e-pl---
050 00 - LIBRARY OF CONGRESS CALL NUMBER
Classification number D1
Item number .F27
050 14 - LIBRARY OF CONGRESS CALL NUMBER
Classification number DK4010
Item number .F37
082 2# - DEWEY DECIMAL CLASSIFICATION NUMBER
Classification number 943.8
Real World Object URI https://id.oclc.org/worldcat/ddc/E3jjGTFxVywTKkFfrcvbghpQjy
210 0# - ABBREVIATED TITLE
Abbreviated title Fasc. hist.
222 #0 - KEY TITLE
Key title Fasciculi historici
245 00 - TITLE STATEMENT
Title Fasciculi historici.
260 ## - PUBLICATION, DISTRIBUTION, ETC.
Place of publication, distribution, etc. Warszawa :
Name of publisher, distributor, etc. Wydawn. Uniwersytetu Warszawskiego,
Date of publication, distribution, etc. 1968-1990.
249 04 -
-- Known in ACQUIRE as:
-- Fascisculi historici
300 ## - PHYSICAL DESCRIPTION
Extent 16 volumes ;
Dimensions 25 cm
336 ## - CONTENT TYPE
Content type term text
Content type code txt
Source rdacontent
337 ## - MEDIA TYPE
Media type term unmediated
Media type code n
Source rdamedia
338 ## - CARRIER TYPE
Carrier type term volume
Carrier type code nc
Source rdacarrier
362 0# - DATES OF PUBLICATION AND/OR SEQUENTIAL DESIGNATION
Dates of publication and/or sequential designation 1-16.
500 ## - GENERAL NOTE
General note Some volumes lack distinctive title.
546 ## - LANGUAGE NOTE
Language note In English, French, German, or Russian.
550 ## - ISSUING BODY NOTE
Issuing body note Issued by Instytut Historyczny of Uniwersytet Warszawski.
590 ## - LOCAL NOTE (RLIN)
Local note English, French, or German.
592 ## -
-- ACQN: aq 96005326
592 ## -
-- 1-13(87) [11-12;14-16 (last issue) on MUMS!
650 #0 - SUBJECT ADDED ENTRY--TOPICAL TERM
Topical term or geographic name entry element History.
650 #7 - SUBJECT ADDED ENTRY--TOPICAL TERM
Topical term or geographic name entry element History
Source of heading or term fast
Authority record control number or standard number (OCoLC)fst00958235
651 #0 - SUBJECT ADDED ENTRY--GEOGRAPHIC NAME
Geographic name Poland
General subdivision History.
651 #7 - SUBJECT ADDED ENTRY--GEOGRAPHIC NAME
Geographic name Poland.
Source of heading or term fast
Authority record control number or standard number (OCoLC)fst01206891
Real World Object URI https://id.oclc.org/worldcat/entity/E39QbtfRgyP3qcDKmj68x7FVbM
655 #7 - INDEX TERM--GENRE/FORM
Genre/form data or focus term History.
Source of term fast
Authority record control number or standard number (OCoLC)fst01411628
710 2# - ADDED ENTRY--CORPORATE NAME
Corporate name or jurisdiction name as entry element Uniwersytet Warszawski.
Subordinate unit Instytut Historyczny.
776 08 - ADDITIONAL PHYSICAL FORM ENTRY
Relationship information Online version:
Title Fasciculi historici
Record control number (OCoLC)557502368
776 08 - ADDITIONAL PHYSICAL FORM ENTRY
Relationship information Online version:
Title Fasciculi historici
Record control number (OCoLC)608128913
785 00 - SUCCEEDING ENTRY
Title Fasciculi historici novi
International Standard Serial Number 1505-0106
Record control number (OCoLC)40530951
-- (OCoLC)40530951
906 ## - LOCAL DATA ELEMENT F, LDF (RLIN)
a 7
b cbc
c serials
d 2
e ncip
f 20
g n-oclcserc
925 0# -
-- Acquire
-- 1 shelf copy
-- policy default
920 ## -
-- Keep 1
991 ## -
-- c-GenColl
-- D1.F27
-- SERLOC
Holdings
Withdrawn status Lost status Damaged status Not for loan Home library Current library Shelving location Date acquired Total checkouts Full call number Barcode Date last seen Price effective from Koha item type
        Franklin Franklin General stacks 22/03/2026   943.8 LOC-FRL-00021 22/03/2026 22/03/2026 Books